Statistics for Provinces of Madagascar

Click here to take the quiz!

General Stats

  • This quiz has been taken 13 times
  • The average score is 4 of 6

Answer Stats

Province% Correct
Antananarivo Province
100%
Toamasina Province
70%
Antsiranana Province
60%
Toliara Province
60%
Mahajanga Province
50%
Fianarantsoa Province
40%

Score Distribution

Percentile by Number Answered

Percent of People with Each Score

Your Score History

You have not taken this quiz